000 00696nam a2200193 i 4500
001 37853
003 ES-MaACL
005 20250828083958.0
007 t|
008 030224s1934 sz ||||1| fre d
110 2 _aOficina Internacional de Educación
_96022
245 1 3 _aLe Bureau International d'Education en 1933-34
_b: rapport du directeur a la Cinquième R-eunion du Conseil.
260 _aGenève :
_bBureau International d'Education,
_c1934.
300 _a31 p. ;
_c16 cm.
490 1 _aPublications du Bureau International d'Education ;
_v36
830 0 _aPublications du Bureau International d'Education ;
_v36
_9181740
852 _aES-MaACL
_j1797-F-14
999 _c37853
_d37853